| 000 | 01815nam a2200253 a 4500 | ||
|---|---|---|---|
| 001 | 000045220 | ||
| 003 | DO-SdBNP | ||
| 005 | 20220808110950.0 | ||
| 008 | 150211s1996 dr a 000 0 spa d | ||
| 040 |
_aDO-SdBNP _bspa _cBNPHU |
||
| 082 |
_axxxx _bxxxx |
||
| 111 | 2 |
_aConcurso de cuentos te regalo un sueño , lee pinta y escribe _n(5to: _d1996 _cSanto Domingo) _973240 |
|
| 245 | 1 | 0 |
_aConcurso de cuentos te regalo un sueño 1996 / _cpresentación Lourdes Bonnelly de Espaillat ; ilustradores Henry Cid, Angel María, Juan Richard Féliz ; coordinadora PIALI Lorelay Carrón de Tejada. |
| 246 | 1 | 0 | _aQuinto concurso de cuentos te regalo un sueño 1996. |
| 260 |
_aSanto Domingo : _bListín Diario, _bAl Compás, _c1996. |
||
| 300 |
_a32 p. : _bil. ; _c28 cm. |
||
| 505 | 0 |
_aEl fin de una estrella / _rEvelyn M. Martínez -- _tTarea, tarea, tarea / _rMarie D'Vries / _tEl pecesito inconforme / _rOmar Alburquerque Mejía -- _tEl ratoncito vanidoso / _rAndrés Alejandro Aybar -- _tPio, pio y corbata / _rSimón Espinal -- _tRebluni el pecesito / _rAlicia Rodriguez P. -- _tJosefina y las estrellas / _rLaura Pacheco -- _tLa borra y el lápiz / _rMarcos José Jorge León -- _tUna noche inolvidable / _rJonatán Manuel Díaz Pérez -- _tJaimito el Perezoso / _rAbraham David Vásquez E. -- _tEl lagarto que quería volar / _rMarcos Abreu Holguín -- _tEl ave y sus hijitos / _rDavid Ramírez -- _tEl niño de la burbuja / _rNagib M. Aslouni Peña -- _tLas enseñanzas del zorrillo / _rBerenice Pacheco Salazar -- _tUna excursion a la zona colonial / _rMaria Alejandra Castillo Planas -- |
|
| 700 | 1 | 2 |
_aBonnelly de Espaillat, Lourdes, _epres. _971845 |
| 700 | 1 | 2 |
_aCarrón de Tejada, Lorelay, _ecoor. _973241 |
| 700 | 1 | 2 |
_aCid, Henry _9346 |
| 700 | 1 | 2 |
_aMaría, Angel _973242 |
| 700 | 1 | 2 |
_aFéliz, Juan Richard Féliz _973243 |
| 942 |
_2ddc _cLBS1 |
||
| 999 |
_c44709 _d44709 |
||